Starts with 'Z' Quiz Stats

 Plays Quiz not verified by Sporcle

Challenge
Share
Tweet
Embed
Score 0/20 Timer 05:00
0 Plays Today
Clue Answer % Correct
A code essential to the mail/postal service.Zip Code
93.9%
Another name for the undead.Zombies
92.9%
Country in Africa; capital is Harare.Zimbabwe
92.9%
A device used for fastening clothing consisting of two toothed tracks or spiral metal or plastic coils.Zipper
87.2%
Hearty enjoyment; gusto OR the peel, esp. the thin outer peel, of a citrus fruit used for flavoring.Zest
83.6%
One of two metals on the Table of Elements.Zinc or Zirconium
83.6%
Country in Africa; capital is Lusaka.Zambia
83.4%
A variety of summer squash that is shaped like a cucumber that has a smooth, dark-green skin.Zucchini
81.4%
Mostly known for the horoscopes it provides (for each month of the year) or the notorious serial killer bearing the same name.Zodiac
80.9%
A 2001 film starring Ben Stiller and Owen WilsonZoolander
79.1%
Clue Answer % Correct
Former name of the Democratic Republic of the Congo.Zaire
77.8%
Proprietary name of a brand of cigarette lighter.Zippo
73.1%
A movement introduced into China in the 6th century A.D. that emphasizes enlightenment.Zen
72.5%
Fervor for a person, cause, or object; eager desire or endeavor; enthusiastic diligence; ardor.Zeal
70.6%
A historic land of Israel; also the only surviving city outside the Matrix.Zion
64.3%
A member of a Bantu people of southeast Africa, primarily inhabiting northeast Natal province in South Africa. Also, a word used (in communications) to represent the letter Z.Zulu
62%
Former French professional footballer famous for a headbutt.Zinedine Zidane
59.1%
The point on the celestial sphere vertically above a given position or observer. A highest point or state; culmination.Zenith
57.8%
A musical instrument, consisting of a flat sounding box with numerous strings stretched over it.Zither
30.3%
A video game popularized by spawning the mistranslation 'All Your Base Are Belong To Us'Zero Wing
11.8%

You're not logged in!

Compare scores with friends on all Sporcle quizzes.
OR
Log In

You Might Also Like...

Show Comments

Extras

Curator's Pick Sep 18, 2015ReportNominate
Tags:Letter Quiz, start

Top Quizzes Today


Score Distribution

Your Account Isn't Verified!

In order to create a playlist on Sporcle, you need to verify the email address you used during registration. Go to your Sporcle Settings to finish the process.

Report this User

Report this user for behavior that violates our Community Guidelines.

Details: